000 00637nam a22001695i 4500
003 ES-SlBCS
005 20230329082747.0
008 230117s1895 fr ||| | spa d
040 _aAS
_bspa
_cCCPB-PA2
_erdc
_dUNAV
_dES-SlBCS
100 1 _aBalmes, Jaime
_d(1810-1848)
_9100602
245 1 3 _aEl protestantismo comparado con el catolicismo en sus relaciones con la civilización europea
_cpor Jaime Balmes
250 _a8 éd.
260 _aParis ;
_aMéxico :
_bLibrería de Ch. Bouret,
_c1895
300 _a2 v. ( (596, 581 p.) ;
_c18 cm
610 0 _aIglesia Católica
_xRelaciones
_xIglesias protestantes
_991936
942 _2lcc
_cBK
999 _c886518
_d886518